|
|
|
|
| LEADER |
00000nam0a2200000 4500 |
| 001 |
66239 |
| 005 |
20240115113606.0 |
| 035 |
|
|
|a (RuTPU)RU\TPU\book\70371
|
| 090 |
|
|
|a 66239
|
| 100 |
|
|
|a 20040728d2005 m y0rusy50 ca
|
| 101 |
0 |
|
|a rus
|
| 102 |
|
|
|a RU
|
| 105 |
|
|
|a a j 001zy
|
| 200 |
1 |
|
|a Основы теории переноса нейтронов (лабораторный практикум)
|e учебное пособие
|f А. В. Кузьмин
|g Томский политехнический университет
|
| 210 |
|
|
|a Томск
|c Изд-во ТПУ
|d 2005
|
| 215 |
|
|
|a 194 с.
|c ил.
|
| 225 |
1 |
|
|a Учебники Томского политехнического университета
|
| 320 |
|
|
|a Библиогр.: с. 182-186.
|
| 320 |
|
|
|a Алфавитно-предметный указатель: с. 186-187.
|
| 451 |
|
1 |
|0 (RuTPU)RU\TPU\book\142118
|t Основы теории переноса нейтронов
|o лабораторный практикум
|c Томск
|n Изд-во ТПУ
|d 2007
|p 192 с.
|s Учебники Томского политехнического университета
|a Кузьмин, Ариан Валерьевич
|
| 610 |
1 |
|
|a нейтроны
|
| 610 |
1 |
|
|a теория переноса
|
| 610 |
1 |
|
|a нуклидный состав
|
| 610 |
1 |
|
|a ядерные реакторы
|
| 610 |
1 |
|
|a спектры
|
| 610 |
1 |
|
|a экспоненциальный опыт
|
| 610 |
1 |
|
|a возраст
|
| 610 |
1 |
|
|a лабораторные практикумы
|
| 610 |
1 |
|
|a учебные пособия
|
| 675 |
|
|
|a 539.125.52(076.5)
|v 3
|
| 700 |
|
1 |
|a Кузьмин
|b А. В.
|c специалист в области теплоэнергетики
|c доцент Томского политехнического университета, кандидат технических наук
|f 1942-
|g Ариан Валерьевич
|3 (RuTPU)RU\TPU\pers\25529
|9 11459
|
| 712 |
0 |
2 |
|a Томский политехнический университет
|3 (RuTPU)RU\TPU\col\376
|
| 801 |
|
1 |
|a RU
|b 63413507
|c 20040728
|g PSBO
|
| 801 |
|
2 |
|a RU
|b 63413507
|c 20211015
|g PSBO
|
| 942 |
|
|
|c BK
|